LEADER 01174nam a2200277 4500 001 000000351991 003 CaOOAMICUS 005 20221026113320.0 008 221026s2012 it 000 u ita r 020 $a978-88-498-3093-4 040 $aSeMil$bita 100 1 $aChesterton, Gilbert Keith,$d<1874-1936>.$0(OLS)http://semarc/name/15565 240 12$aA Short History of England.$0(OLS)http://semarc/title/441804 245 14$aUna breve storia d'Inghilterra /$cGilbert Keith Chesterton ; a cura di Paolo Allegrezza. 264 1$aSoveria Mannelli :$bRubbettino,$c2012. 300 $a250 p. ;$c22 cm 490 1 $aLe bighe ;$v7 700 1 $aAllegrezza, Paolo.$0(OLS)http://semarc/name/116695 830 3$aLe bighe ;$v7.$0(OLS)http://semarc/title/434013 850 $aSeMil 852 $aSeMil$W1$xVenegono$y1$m3W II 84$j235686$B243180$CSeMilBibl$Z2$F243180 $81 961 $aPerego don Stefano - Omaggio 996 $6020$a978-88-498-3093-4$9(OLS)http://semarc/number/297006 996 $6245$aUna breve storia d'Inghilterra$9(OLS)http://semarc/title/441805 996 $6264$aSoveria Mannelli :$bRubbettino$9(OLS)http://semarc/publisher/32145 LEADER 01063nam a2200265 i 4500 001 000000193512 003 CaOOAMICUS 005 20150409000000.0 008 150409s1953 it u000 u ita u 013 $a172155 040 $aSeMil$bita 100 1 $aJournet, Charles,$c.$0(OLS)http://semarc/name/2073 245 10$aProprietà cristiana e povertà cristiana /$cCharles Journet. 260 $aFirenze :$bFiorentina,$c1953. 300 $a64 p. ;$c19 cm. 490 0 $aLa sfera e la Croce ;$v5 500 $aFondo card. Giovanni Colombo. 600 14$aJournet, Charles .$0(OLS)http://semarc/subject/15678 830 3$aLa sfera e la Croce ;$v5.$0(OLS)http://semarc/title/40908 850 $aSeMil 852 $aSeMil$W1$xVenegono$y1$m3GC VI 251$j144086$B144086$CSeMilBibl$Z2$F155530 $8B 941 1 $a3 961 $aLascito: Colombo Card. Giovanni 996 $6245$aProprietà cristiana e povertà cristiana$9(OLS)http://semarc/title/278961 996 $6260$aFirenze :$bFiorentina$9(OLS)http://semarc/publisher/35942